|
|
|
|
| LEADER |
00953nam a2200241 a 4500 |
| 001 |
13929298 |
| 005 |
20130422150708.0 |
| 008 |
130417s2005 dcuab 000 0 eng d |
| 010 |
|
|
|a 2005010265
|
| 020 |
|
|
|a 1597260401 (pbk. : alk. paper)
|
| 020 |
|
|
|a 1597260398 (cloth : alk. paper)
|
| 040 |
|
|
|a DLC
|c DLC
|d YDX
|d BAKER
|d COO
|d DLC
|d BD-DhAAL
|
| 082 |
0 |
0 |
|a 304.2
|2 22
|
| 245 |
0 |
0 |
|a Ecosystems and human well-being :
|b synthesis
|
| 260 |
|
|
|a Washington, DC :
|b Island Press,
|c c2005.
|
| 300 |
|
|
|a x, 137 p. :
|b col. ill., col. maps ;
|c 28 cm.
|
| 541 |
|
|
|e 00026805
|
| 650 |
|
0 |
|a Human ecology.
|
| 650 |
|
0 |
|a Ecosystem management.
|
| 710 |
2 |
|
|a Millennium Ecosystem Assessment (Program)
|
| 852 |
1 |
|
|a Ayesha Abed Library
|c General shelf.
|
| 999 |
|
|
|c 13313
|d 13313
|
| 952 |
|
|
|0 0
|1 0
|2 ddc
|4 0
|6 304_200000000000000_ECO
|7 0
|9 22210
|a IGS
|b IGS
|c GEN
|d 2012-04-22
|e A H Development Publishing House
|g 1200.00
|l 1
|m 2
|o 304.2 ECO
|p 3010026805
|r 2014-06-10
|s 2013-05-07
|t 1
|w 2012-04-22
|y BK
|